[Event "BAN-chB 41st"]
[Site "Dhaka"]
[Date "2015.10.19"]
[Round "5"]
[White "Mahfuzul Haque, A."]
[Black "Sree Biswajit, Sharma"]
[Result "0-1"]
[WhiteElo "1699"]
[BlackElo "1721"]
[PlyCount "72"]
[EventDate "2015.10.15"]
[EventType "swiss"]
[EventRounds "11"]
[EventCountry "BAN"]
[SourceTitle "EXT 2017"]
[Source "ChessBase"]
[SourceDate "2016.10.25"]
[SourceVersion "1"]
[SourceVersionDate "2016.10.25"]
[SourceQuality "1"]

1. e4 e5 2. Bc4 Nc6 3. a3 a6 4. c3 Bc5 5. Nf3 h6 6. d4 Bb6 7. b4 exd4 8. cxd4 d6 9. h3 Nge7 10. Bb2 0-0 11. d5 Nb8 12. Bd4 Nd7 13. 0-0 Ng6 14. Kh2 Bxd4 15. Nxd4 Qg5 16. g3 Qe5 17. Qd3 Nf6 18. Nd2 Qh5 19. Rh1 Qxh3+ 20. Kg1 Qg4 21. Qe2 Ne5 22. Rh4 Qxe2 23. Bxe2 Ng6 24. Rh1 Bd7 25. f4 Rfe8 26. Bf3 Bg4 27. Bg2 Re7 28. Re1 Rae8 29. Kf2 Bc8 30. a4 Ng4+ 31. Kf3 f5 32. Bh3 Nf6 33. Bxf5 Bxf5 34. Nxf5 Rf7 35. b5 axb5 36. axb5 Nxd5 0-1